LEADER 01083nam a2200265 4500 001 000000337582 003 CaOOAMICUS 005 20211001145142.0 008 191029s1999 it 000 u ita r 020 $a88-200-2844-1 040 $aSeMil$bita 100 1 $aSheldon, Sidney,$d<1917-2007>.$0(OLS)http://semarc/name/110384 240 10$aTell me your dreams.$0(OLS)http://semarc/title/426564 245 10$aDietro lo specchio /$cSidney Sheldon ; traduzione di Tullio Dobner. 264 1$aMilano :$bSperling & Kupfer,$c1999. 300 $a328 p. ;$c22 cm 490 1 $aNarrativa 700 1 $aDobner, Tullio,$d<1946-2018>.$0(OLS)http://semarc/name/92454 830 0$aNarrativa.$0(OLS)http://semarc/title/423394 850 $aSeMil 852 $aSeMil$W1$xVenegono$y1$m1V VI 342$j217992$B229160$CSeMilBibl$Z2$F229160 $81 996 $6020$a88-200-2844-1$9(OLS)http://semarc/number/289065 996 $6245$aDietro lo specchio$9(OLS)http://semarc/title/426565 996 $6264$aMilano :$bSperling & Kupfer$9(OLS)http://semarc/publisher/31721 LEADER 01022nam a2200229 i 4500 001 000000007611 003 CaOOAMICUS 005 20180830125438.0 008 180830s1835 it u000 u ita u 040 $aSeMil$bita 100 1 $aLytton, Edward Bulwer Lytton,$d<1803-1873>.$0(OLS)http://semarc/name/89637 240 14$aThe last days of Pompeii.$0(OLS)http://semarc/title/401051 245 14$aGli ultimi giorni di Pompei /$cdi Edoardo Bulwer ; versione dall'inglese con un ragionamento preliminare e note di Francesco Cusani. 260 $aMilano :$bTipografia Pirotta e C.,$c1835-1836. 300 $a3 v. ;$c19 cm. 650 4$aPompei.$0(OLS)http://semarc/subject/1747 700 1 $aCusani, Francesco,$d<1802-1879>.$0(OLS)http://semarc/name/73980 774 0 $tVol. 1.$g1$w()79275 774 0 $tVol. 3 ed ultimo.$g3$w()253540 774 0 $tVol. 2.$g2$w()253541 996 $6245$aGli ultimi giorni di Pompei$9(OLS)http://semarc/title/246537 996 $6260$aMilano :$bTipografia Pirotta e C.$9(OLS)http://semarc/publisher/55836